000 00346nam a2200121Ia 4500
005 20260326100029.0
008 260326s9999||||xx |||||||||||||| ||und||
100 _aVillegas, Benjamín
245 0 _aCartagena de Indias :
_b Visión Desde el Aire /
_cBenjamín Villegas
260 _bVillegas Editores
650 _aARQUITECTURA REGIONAL
942 _cBK
999 _c6548
_d6548